000 00821cam a2200265 a 4500
001 4849785
003 OSt
005 20150519162519.0
008 910116s1990 ke 000 0 eng
010 _a 90981612
020 _a0195727266 :
_cShs. 50.00
040 _aDLC
_cDLC
_dDLC
043 _af-ke---
050 0 0 _aKSK4610
_b.M82 1990
082 _a345.056 MUT
100 1 _aMutunga, Willy.
_9968
245 1 4 _aThe rights of an arrested and an accused person /
_cWilly Mutunga.
260 _aNairobi :
_bOxford University Press,
_c1990.
300 _ax, 89 p. ;
_c21 cm.
440 0 _aYou and the law
_9969
650 0 _aCriminal procedure
_zKenya.
_9970
906 _a7
_bcbc
_corignew
_d2
_encip
_f19
_gy-gencatlg
942 _2ddc
_cBK
999 _c321
_d321